-
GAWALI, RAHUL W. , Md. USMAN DR MD. RAGEEB SABE ATUL A NEVE VRUSHALI
Entry Personal Name
Number of records used in: 1
001 - CONTROL NUMBER
003 - CONTROL NUMBER IDENTIFIER
005 - DATE AND TIME OF LATEST TRANSACTION
- control field:
20240109130937.0
008 - FIXED-LENGTH DATA ELEMENTS
- fixed length control field:
240109|| aca||aabn | a|a d
040 ## - CATALOGING SOURCE
- Original cataloging agency:
JRU
- Transcribing agency:
JRU
100 ## - HEADING--PERSONAL NAME
- Personal name:
GAWALI, RAHUL W. , Md. USMAN DR MD. RAGEEB SABE ATUL A NEVE VRUSHALI
670 ## - SOURCE DATA FOUND
- Source citation:
Work cat.: (JRU)8006: GAWALI, RAHUL W. , Md. USMAN DR MD. RAGEEB SABE ATUL A NEVE VRUSHALI, A TEXTBOOK OF PHARMACOLOGY